000 00995cam a2200313 a 4500
001 1988
003 FISKH
005 20250826110218.0
008 010829s2001 nyua a 000 0 eng
010 _a 2001272411
020 _a0399236058
020 _a0590459082
040 _aDLC
_cDLC
_dDLC
_beng
050 0 0 _aPZ8.3.C1945
_bTo 2001
082 0 0 _a782.42164/0268
_222
100 1 _aCarle, Eric.
245 1 0 _aToday is Monday /
_cpictures by Eric Carle.
260 _aNew York :
_bScholastic,
_c2001.
300 _a32 unnumbered pages :
_bcolor illustrations ;
_c31 cm
505 _aE
520 _aEach day of the week brings a new food, until on Sunday all the world's children can come and eat it up. Includes music and lyrics on last page.
521 8 _a260
_bLexile
521 8 _aE
_bRaz-Plus
650 0 _aChildren's songs
_xTexts.
650 1 _aFood
_xSongs and music.
650 1 _aSongs.
906 _a7
_bcbc
_corigcop
_d2
_encip
_f20
_gy-gencatlg
942 _2ddc
_cBK
_n0
999 _c1988
_d1988